<?xml version="1.0" encoding="UTF-8"?>
<record
    xmlns:xsi="http://www.w3.org/2001/XMLSchema-instance"
    xsi:schemaLocation="http://www.loc.gov/MARC21/slim http://www.loc.gov/standards/marcxml/schema/MARC21slim.xsd"
    xmlns="http://www.loc.gov/MARC21/slim">

  <leader>00571nam a22002057a 4500</leader>
  <controlfield tag="003">MPLRDC</controlfield>
  <controlfield tag="005">20220105061102.0</controlfield>
  <controlfield tag="008">210129b           ||||| |||| 00| 0 eng d</controlfield>
  <datafield tag="020" ind1=" " ind2=" ">
    <subfield code="a">978-988-13304-2-0</subfield>
  </datafield>
  <datafield tag="082" ind1=" " ind2=" ">
    <subfield code="a">719.386 KL </subfield>
  </datafield>
  <datafield tag="100" ind1=" " ind2=" ">
    <subfield code="a">&#x51EF;&#x6D1B; &#x7B49;&#x66F4;&#x65B0;/&#x6587;&#x7F16;</subfield>
  </datafield>
  <datafield tag="245" ind1=" " ind2=" ">
    <subfield code="a">&#x5409;&#x9686;&#x5761;&#xB7;&#x69DF;&#x57CE;&#xB7;&#x6021;&#x4FDD;&#xB7;&#x65B0;&#x5C71;&#x8FBE;&#x4EBA;&#x5929;&#x4E66;</subfield>
    <subfield code="c">&#x51EF;&#x6D1B; &#x7B49;&#x6444;&#x5F71;</subfield>
  </datafield>
  <datafield tag="250" ind1=" " ind2=" ">
    <subfield code="a">15&#x7248;</subfield>
  </datafield>
  <datafield tag="260" ind1=" " ind2=" ">
    <subfield code="a">&#x9999;&#x6E2F;</subfield>
    <subfield code="b">WOW MEDIA LIMITED</subfield>
    <subfield code="c">2016</subfield>
  </datafield>
  <datafield tag="300" ind1=" " ind2=" ">
    <subfield code="b">&#x5E73;</subfield>
  </datafield>
  <datafield tag="490" ind1=" " ind2=" ">
    <subfield code="a">&#x81EA;&#x6E38;&#x8FBE;&#x4EBA;&#x7CFB;&#x5217;: 11</subfield>
  </datafield>
  <datafield tag="520" ind1=" " ind2=" ">
    <subfield code="a">&#x4E0A;&#x67B6; 2017-03-16&#x3002;</subfield>
  </datafield>
  <datafield tag="650" ind1=" " ind2=" ">
    <subfield code="a">&#x9A6C;&#x6765;&#x897F;&#x4E9A;&#x65C5;&#x6E38;</subfield>
  </datafield>
  <datafield tag="942" ind1=" " ind2=" ">
    <subfield code="c">BK</subfield>
    <subfield code="o">719.386 KL </subfield>
  </datafield>
  <datafield tag="999" ind1=" " ind2=" ">
    <subfield code="c">68576</subfield>
    <subfield code="d">68566</subfield>
  </datafield>
</record>
